Osvetový ústav bude jubilovať

Bibliographic Details
Main Author: Fábry, Viliam, 1929- (Author)
Format: Article
Language:Slovak
Subjects:

MARC

LEADER 00000nab a2200000 a 4500
001 vtls000002582
003 SK-MaSNL
005 20260303021545.0
008 111103c1978 xo 0 slo
015 |a SNBRB19rr/mm-uuuuu 
035 |a CL0012674 
040 |a SNKBUCL  |b slo  |c SNKBUCL  |e AACR2 
041 0 |a slo 
044 |a xo  |c SK 
080 |a 374  |2 1981 
100 1 |a Fábry, Viliam,  |d 1929-  |4 aut  |9 206654 
245 1 0 |a Osvetový ústav bude jubilovať  |c Viliam Fábry 
610 2 7 |a Osvetový ústav (Bratislava, Slovensko)  |2 snkbucl  |9 93008 
650 0 7 |a osveta  |2 snkbucl  |9 16992 
651 7 |a 5100  |2 snkbucl  |9 166206 
655 7 |a články z novín a časopisov  |2 snkbucl  |9 267496 
773 0 |t Osvetová práca  |g Roč. 28, č. 13 (1978), s. 12 
850 |a Slovenská národná knižnica v Martine  |a MTA001 
852 |a SNK  |b KIS3GCP 
958 |a RK 
992 |a RBX 
999 |c 1623939  |d 1625869